00664 2200241 4500001002100000005001700021008004100038020002300079035002500102040001200127082001000139084001800149100001900167245007700186250001100263260003300274300003900307650001200346700001600358850001200374990001800386990001800404INLIS00000000001879020160324135557.0  a978-602-955828-4-3 a0010-031600000000800 aYOPDYOG a398.2 aK 398.2 Ari H aARINI HIDAJATI aHadiah sepeda baru buat Bibinc/ Arini Hidajati ; ilustrator S. Yuwanto. aCet.1. aYogyakartabDiva Pressc2009 a35 hlm.b: ilus.c; 21 cm [2 eks.] aDongeng aYuwanto, S. aYOPDYOG a50927-PD/A.16 a50928-PD/A.16